[Event "GER-ch (Women)"]
[Site "Magdeburg"]
[Date "2023.07.05"]
[Round "1"]
[White "Petersen, Sophie"]
[Black "Kohler, Emma"]
[Result "1-0"]
[WhiteElo "1753"]
[BlackElo "1413"]
[PlyCount "71"]
[EventDate "2023.07.05"]
[EventType "swiss"]
[EventRounds "7"]
[EventCountry "GER"]
[SourceTitle "CBM 215 Extra"]
[Source "ChessBase"]
[SourceDate "2023.09.30"]
[SourceVersion "1"]
[SourceVersionDate "2023.09.30"]
[SourceQuality "1"]

1. e4 e5 2. Nf3 Nf6 3. Nxe5 d6 4. Nf3 Nxe4 5. d3 Nf6 6. d4 Nc6 7. c3 d5 8. Bd3 Bd6 9. 0-0 Ne7 10. Bg5 Bg4 11. Nbd2 Qd7 12. Qc2 0-0-0 13. a4 h6 14. Bh4 Bf5 15. Bg3 Bxd3 16. Qxd3 Bxg3 17. fxg3 Qf5 18. Ne5 Qxd3 19. Nxd3 Rd7 20. Ne5 Nc6 21. Nxd7 Kxd7 22. Nb3 h5 23. Nc5+ Kc8 24. b4 h4 25. g4 h3 26. g3 Nd8 27. g5 Ng4 28. Rae1 Rh5 29. g6 f6 30. Re7 Rg5 31. Rxg7 b6 32. Nd3 Ne6 33. Re7 Nd8 34. Nf4 Nh6 35. Rh7 Nf5 36. Nxh3 1-0

[Event "GER-ch U16 Girls"]
[Site "Willingen"]
[Date "2022.06.08"]
[Round "6"]
[White "Glowiak, Alexandra"]
[Black "Petersen, Sophie"]
[Result "1/2-1/2"]
[WhiteElo "1503"]
[BlackElo "1653"]
[PlyCount "103"]
[EventDate "2022.06.04"]
[EventType "swiss"]
[EventRounds "9"]
[EventCountry "GER"]
[SourceTitle "CBM 208 Extra"]
[Source "ChessBase"]
[SourceDate "2022.07.31"]
[SourceVersion "1"]
[SourceVersionDate "2022.07.31"]
[SourceQuality "1"]

1. e4 c5 2. Nf3 d6 3. d4 cxd4 4. Nxd4 Nf6 5. Nc3 a6 6. Be2 e5 7. Nb3 Be6 8. 0-0 Be7 9. Be3 Nbd7 10. f3 0-0 11. Nd5 Nxd5 12. exd5 Bf5 13. f4 exf4 14. Bxf4 Bg6 15. Bd3 Ne5 16. Bxe5 dxe5 17. Bxg6 hxg6 18. c4 b6 19. Qe2 Bd6 20. Nd2 f5 21. g3 b5 22. b3 Rc8 23. Rac1 bxc4 24. bxc4 Qb6+ 25. Kg2 e4 26. Nb3 Rc7 27. Rc2 Rfc8 28. Rb1 a5 29. Nd2 Qa7 30. Rcb2 e3 31. Nf1 Rxc4 32. Qxe3 Rc2+ 33. Kh1 Qxe3 34. Nxe3 Rc1+ 35. Kg2 Rxb1 36. Rxb1 Rc3 37. Rb3 Rxb3 38. axb3 Kf7 39. Nc4 Bc7 40. Kf3 Ke7 41. Ke3 g5 42. d6+ Bxd6 43. Nxa5 f4+ 44. Kf3 Kd7 45. Nc4 Bc7 46. Nb2 Kc6 47. Nd3 fxg3 48. hxg3 Kd5 49. Kg4 Bd6 50. Kxg5 Bxg3 51. Kg6 Kd4 52. Kxg7 1/2-1/2

[Event "GER-ch U16 Girls"]
[Site "Willingen"]
[Date "2022.06.07"]
[Round "4"]
[White "Derling, Charlotte"]
[Black "Petersen, Sophie"]
[Result "1-0"]
[WhiteElo "1506"]
[BlackElo "1653"]
[PlyCount "67"]
[EventDate "2022.06.04"]
[EventType "swiss"]
[EventRounds "9"]
[EventCountry "GER"]
[SourceTitle "CBM 208 Extra"]
[Source "ChessBase"]
[SourceDate "2022.07.31"]
[SourceVersion "1"]
[SourceVersionDate "2022.07.31"]
[SourceQuality "1"]

1. e4 e5 2. Nf3 Nc6 3. d4 exd4 4. Nxd4 Bc5 5. Be3 Qf6 6. c3 Nge7 7. Be2 0-0 8. 0-0 b6 9. Qd2 d5 10. Bg5 Qd6 11. Nxc6 Qxc6 12. b4 Bd6 13. e5 Bxe5 14. Bxe7 Re8 15. Bg5 f6 16. Be3 Bf5 17. b5 Qd6 18. f4 Bxb1 19. Raxb1 Bxc3 20. Qxc3 Rad8 21. Rbd1 Qe6 22. Rf3 Kh8 23. Bd3 Qf7 24. Bf2 Qd7 25. Qc2 h6 26. Rc1 Re7 27. Qc6 Qc8 28. Bd4 Qb8 29. Rh3 Rd6 30. Qc3 Kg8 31. Rg3 Kf8 32. Re1 Qd8 33. Rxe7 Qxe7 34. Re3 1-0

[Event "GER-ch U16 Girls"]
[Site "Willingen"]
[Date "2022.06.06"]
[Round "3"]
[White "Petersen, Sophie"]
[Black "Pikki, Daria"]
[Result "1/2-1/2"]
[WhiteElo "1653"]
[BlackElo "1638"]
[PlyCount "112"]
[EventDate "2022.06.04"]
[EventType "swiss"]
[EventRounds "9"]
[EventCountry "GER"]
[SourceTitle "CBM 208 Extra"]
[Source "ChessBase"]
[SourceDate "2022.07.31"]
[SourceVersion "1"]
[SourceVersionDate "2022.07.31"]
[SourceQuality "1"]

1. e4 e5 2. Nf3 Nc6 3. Bb5 Nf6 4. 0-0 d6 5. Re1 Be7 6. d4 exd4 7. Nxd4 Bd7 8. Bxc6 bxc6 9. c4 c5 10. Nf5 0-0 11. Qf3 Bxf5 12. exf5 Re8 13. Nc3 Qd7 14. b3 c6 15. Bb2 d5 16. Rad1 Rad8 17. Na4 d4 18. Ba3 Qc7 19. g3 Nd7 20. Re2 Ne5 21. Qg2 Nd7 22. f4 Bf8 23. Rde1 Rxe2 24. Qxe2 Qa5 25. Bc1 Nf6 26. Bd2 Qc7 27. Qd3 Qd7 28. Ba5 Re8 29. Nb2 Rxe1+ 30. Bxe1 Ng4 31. Bd2 Nh6 32. f6 g6 33. Qf3 Qe6 34. Nd3 Ng4 35. h3 Nxf6 36. Nf2 h5 37. g4 hxg4 38. hxg4 Ne8 39. Ne4 Nf6 40. Nf2 Ne8 41. f5 Qd7 42. Ne4 gxf5 43. gxf5 f6 44. Qh5 Qe7 45. Qh4 Qf7 46. Kf2 Be7 47. Bh6 Bf8 48. Bf4 Qe7 49. Bd2 Qh7 50. Nxf6+ Nxf6 51. Qxf6 Qh2+ 52. Ke1 Qg1+ 53. Ke2 Qg2+ 54. Ke1 Qg1+ 55. Ke2 Qg2+ 56. Ke1 Qg1+ 1/2-1/2

[Event "GER-ch U14 Girls"]
[Site "Willingen"]
[Date "2020.10.22"]
[Round "4"]
[White "Petersen, Sophie"]
[Black "Sinner, Joselyne"]
[Result "1-0"]
[WhiteElo "1524"]
[BlackElo "1414"]
[PlyCount "47"]
[EventDate "2020.10.19"]
[EventType "swiss"]
[EventRounds "7"]
[EventCountry "GER"]
[SourceTitle "EXT 2022"]
[Source "ChessBase"]
[SourceDate "2021.10.06"]
[SourceVersion "1"]
[SourceVersionDate "2021.10.06"]
[SourceQuality "1"]

1. e4 e5 2. Nf3 Nc6 3. Bb5 a6 4. Ba4 Nf6 5. 0-0 Be7 6. Qe2 b5 7. Bb3 0-0 8. d4 Nxd4 9. Nxd4 exd4 10. e5 Ne8 11. c3 dxc3 12. Nxc3 c5 13. Bd5 Rb8 14. Bf4 Rb6 15. Rad1 Nc7 16. Be4 Ne6 17. Be3 Rb8 18. f4 Nd4 19. Bxd4 cxd4 20. Nd5 Bc5 21. Qh5 h6 22. Nf6+ gxf6 23. Qxh6 Re8 24. Bh7+ 1-0

[Event "GER-ch op (Women) 20th"]
[Site "Erlangen"]
[Date "2020.10.02"]
[Round "2"]
[White "Braun, Kristin"]
[Black "Petersen, Sophie"]
[Result "1-0"]
[WhiteElo "1918"]
[BlackElo "1524"]
[PlyCount "73"]
[EventDate "2020.10.01"]
[EventType "swiss"]
[EventRounds "7"]
[EventCountry "GER"]
[SourceTitle "EXT 2022"]
[Source "ChessBase"]
[SourceDate "2021.10.06"]
[SourceVersion "1"]
[SourceVersionDate "2021.10.06"]
[SourceQuality "1"]

1. e4 c5 2. c3 d5 3. exd5 Qxd5 4. d4 e6 5. Nf3 Nc6 6. Be3 cxd4 7. cxd4 Nf6 8. Nc3 Bb4 9. Bd3 0-0 10. 0-0 Bxc3 11. bxc3 Na5 12. Ne5 b5 13. Ng4 Ne4 14. Qc2 f5 15. Ne5 Bb7 16. f3 Nd6 17. Bg5 Ndc4 18. Rfe1 Nc6 19. Nxc4 bxc4 20. Bf1 h6 21. Bh4 Rae8 22. Qa4 Qd6 23. Bxc4 Kh8 24. Rab1 Ba8 25. Rbd1 g5 26. Bg3 f4 27. Bf2 Qd8 28. Bxe6 Qd6 29. d5 Ne7 30. Qc2 Ng8 31. Bd4+ Nf6 32. Qg6 Qe7 33. Qxh6+ Qh7 34. Bxf6+ Rxf6 35. Qxf6+ Qg7 36. Qxg7+ Kxg7 37. c4 1-0

[Event "GER-ch U14 Girls"]
[Site "Willingen"]
[Date "2019.06.15"]
[Round "9"]
[White "Werner, Rosalie"]
[Black "Petersen, Sophie"]
[Result "1-0"]
[WhiteElo "1610"]
[BlackElo "1430"]
[PlyCount "111"]
[EventDate "2019.06.08"]
[EventType "swiss"]
[EventRounds "9"]
[EventCountry "GER"]
[SourceTitle "CBM 191 Extra"]
[Source "ChessBase"]
[SourceDate "2019.09.30"]
[SourceVersion "1"]
[SourceVersionDate "2019.09.30"]
[SourceQuality "1"]

1. e4 c5 2. Nf3 d6 3. d4 cxd4 4. Nxd4 Nf6 5. Nc3 a6 6. Be2 e5 7. Nb3 Be7 8. Be3 0-0 9. f3 Be6 10. 0-0 Nbd7 11. Qd2 h5 12. f4 Rc8 13. f5 Bc4 14. Bd3 Nb6 15. Qf2 Nbd7 16. h3 b5 17. Bxc4 Rxc4 18. Nd2 Rc8 19. Rfc1 Nc5 20. Qf3 b4 21. Ne2 d5 22. exd5 Nxd5 23. Nf1 h4 24. Rd1 e4 25. Qf2 Nb7 26. Nf4 Rc5 27. Kh1 g5 28. Bxc5 Bxc5 29. Rxd5 Bxf2 30. Rxd8 Rxd8 31. Nh5 e3 32. Nf6+ Kg7 33. Ng4 Re8 34. Nfxe3 Bxe3 35. Re1 Nd6 36. Rxe3 Rxe3 37. Nxe3 a5 38. Kg1 Kf6 39. Kf2 Nxf5 40. Nxf5 Kxf5 41. Kf3 f6 42. c4 bxc3 43. bxc3 Ke5 44. Kg4 Kd5 45. Kf5 Kc4 46. Kxf6 Kxc3 47. Kxg5 Kb2 48. Kxh4 Kxa2 49. g4 Kb1 50. g5 a4 51. g6 a3 52. g7 a2 53. g8Q a1Q 54. Qg1+ Kb2 55. Qxa1+ Kxa1 56. Kg5 1-0

[Event "GER-ch U14 Girls"]
[Site "Willingen"]
[Date "2019.06.09"]
[Round "1"]
[White "Petersen, Sophie"]
[Black "Oswald, Hannah"]
[Result "0-1"]
[WhiteElo "1430"]
[BlackElo "1632"]
[PlyCount "134"]
[EventDate "2019.06.08"]
[EventType "swiss"]
[EventRounds "9"]
[EventCountry "GER"]
[SourceTitle "CBM 191 Extra"]
[Source "ChessBase"]
[SourceDate "2019.09.30"]
[SourceVersion "1"]
[SourceVersionDate "2019.09.30"]
[SourceQuality "1"]

1. e4 e5 2. Nf3 Nc6 3. Bb5 a6 4. Ba4 Bc5 5. 0-0 d6 6. c3 Bd7 7. d3 Nge7 8. Nbd2 0-0 9. Re1 h6 10. Nf1 f5 11. Bb3+ Kh8 12. exf5 Bxf5 13. Be3 Ba7 14. Bxa7 Rxa7 15. h3 Ng6 16. Ng3 Bd7 17. d4 exd4 18. Nxd4 Qf6 19. Ne4 Qh4 20. Nf3 Qf4 21. Qd3 Nge5 22. Nxe5 Nxe5 23. Qe3 Raa8 24. Qxf4 Rf7 25. Qf5 Rxf5 26. Rac1 Rf4 27. Rcd1 Bf5 28. Ng3 Bg6 29. Bd5 Raf8 30. f3 b6 31. Be4 Bxe4 32. Nxe4 R4f7 33. b3 a5 34. c4 Re7 35. Nc3 Rfe8 36. Re4 Rf8 37. Nd5 Ref7 38. f4 Ng6 39. g3 Kh7 40. Kg2 Ra8 41. a4 Rb8 42. h4 h5 43. Rde1 Rbf8 44. Re8 Rxe8 45. Rxe8 c6 46. Nc3 Re7 47. Rxe7 Nxe7 48. Kf3 Nf5 49. Ne2 Kg6 50. Ke4 Kf6 51. Kf3 Ke6 52. Ke4 d5+ 53. cxd5+ cxd5+ 54. Kd3 Kd6 55. Kc3 Kc5 56. Kd2 Nd4 57. Nxd4 Kxd4 58. f5 Ke4 59. Kc3 d4+ 60. Kd2 Kxf5 61. Kd3 Ke5 62. Kd2 Ke4 63. Ke2 d3+ 64. Kd1 Ke3 65. Ke1 d2+ 66. Kd1 g6 67. Kc2 Ke2 0-1

[Event "Berlin Lichtenberger op 16th"]
[Site "Berlin"]
[Date "2017.08.19"]
[Round "1"]
[White "Bandlow, Matthias"]
[Black "Petersen, Sophie"]
[Result "1-0"]
[WhiteElo "1945"]
[BlackElo "1437"]
[PlyCount "37"]
[EventDate "2017.08.19"]
[EventType "swiss"]
[EventRounds "9"]
[EventCountry "GER"]
[SourceTitle "CBM 180 Extra"]
[Source "ChessBase"]
[SourceDate "2017.10.06"]
[SourceVersion "1"]
[SourceVersionDate "2017.10.06"]
[SourceQuality "1"]

1. d4 Nf6 2. c4 d5 3. cxd5 Nxd5 4. e4 Nb6 5. Nf3 Nc6 6. Bb5 e6 7. 0-0 a6 8. Bxc6+ bxc6 9. Qc2 Bb7 10. Nbd2 g6 11. Nb3 Qd7 12. Ne5 Qd6 13. Bf4 Qd8 14. Nxc6 Qd7 15. Rac1 Bg7 16. Ne5 Qe7 17. Na5 Rb8 18. Nxb7 Rxb7 19. Qc6+ 1-0

[Event "GER-ch U12 Girls"]
[Site "Willingen"]
[Date "2017.06.09"]
[Round "10"]
[White "Petersen, Sophie"]
[Black "Gossing, Marie Sophie"]
[Result "0-1"]
[WhiteElo "1186"]
[BlackElo "1033"]
[PlyCount "72"]
[EventDate "2017.06.04"]
[EventType "swiss"]
[EventRounds "11"]
[EventCountry "GER"]
[SourceTitle "CBM 178 Extra"]
[Source "ChessBase"]
[SourceDate "2017.06.22"]
[SourceVersion "1"]
[SourceVersionDate "2017.06.22"]
[SourceQuality "1"]

1. e4 e5 2. Bc4 Nf6 3. d3 d5 4. Bb3 dxe4 5. Nc3 Bb4 6. Nge2 Bg4 7. h3 Bh5 8. 0-0 Bxc3 9. bxc3 Nc6 10. Ba3 Qd7 11. Re1 0-0-0 12. Qd2 exd3 13. cxd3 Ne4 14. Qe3 Bxe2 15. Rxe2 Nxc3 16. Rc2 Nd5 17. Qg3 Nf4 18. Qg4 Qxg4 19. hxg4 Rxd3 20. Bb2 f6 21. g3 Nh3+ 22. Kg2 Ng5 23. Rcc1 h5 24. Bc2 Rdd8 25. Bf5+ Kb8 26. Ba3 hxg4 27. Bxg4 Nd4 28. Rab1 e4 29. f4 exf3+ 30. Kf2 Rh2+ 31. Kf1 Rh1+ 32. Kf2 Rh2+ 33. Kf1 f5 34. Bxf5 Nxf5 35. g4 Ng3+ 36. Kg1 Rg2# 0-1